Mọi cái tên = Todos os nomes

Đã lưu trong:
书目详细资料
主要作者: Saramago, José
格式: 图书
语言:Undetermined
出版: Hà Nội Văn học 2008
主题:
标签: 添加标签
没有标签, 成为第一个标记此记录!
Thư viện lưu trữ: Trung tâm Học liệu Trường Đại học Cần Thơ
LEADER 00587nam a2200205Ia 4500
001 CTU_181128
008 210402s9999 xx 000 0 und d
020 |c 65000 
082 |a 869.342 
082 |b S243 
100 |a Saramago, José 
245 0 |a Mọi cái tên = 
245 0 |b Todos os nomes 
245 0 |c José Saramago ; Phạm Văn (dịch) 
260 |a Hà Nội 
260 |b Văn học 
260 |c 2008 
650 |a Portuguese fiction,Tiểu thuyết Bồ Đào Nha 
904 |i Ngà,Hải 
980 |a Trung tâm Học liệu Trường Đại học Cần Thơ